UTSS Salamis. V Krvavém pásu /
Třetí část military sci-fi série zachycuje další klíčovou bitvu, kterou musí lidstvo vybojovat s korzáry v Krvavém pásu.
Uloženo v:
| Série: | UTSS Salamis,
část 3 |
|---|---|
| Hlavní autor: | |
| Médium: | E-kniha |
| Jazyk: | Czech |
| Vydáno: |
Praha :
Mystery Press,
2022
|
| Vydání: | 1. vydání |
| Témata: | |
| Příbuzné jednotky: | Z cyklu::
UTSS Salamis |
| Tagy: |
Žádné tagy |
| LEADER | 02743nam a2200421 i 4500 | ||
|---|---|---|---|
| 001 | 311504 | ||
| 003 | CZ PrSKC | ||
| 005 | 20260601215706.0 | ||
| 007 | ta | ||
| 008 | 220308s2022 xr g 000 f cze d | ||
| 015 | |a cnb003400584 | ||
| 020 | |a 9788075883278 |q (brožováno) | ||
| 035 | |a (OCoLC)1329407942 | ||
| 040 | |a CBA001 |b cze |d ABG001 |d ABA001 |e rda | ||
| 072 | 7 | |a 821.162.3-3 |x Česká próza |2 Konspekt | |
| 080 | |a 821.162.3-31 |2 MRF | ||
| 080 | |a (0:82-311.9) |2 MRF | ||
| 100 | 1 | |a Mařík, Jakub, |d 1981- |7 xx0073715 |4 aut | |
| 245 | 1 | 0 | |a UTSS Salamis. |p V Krvavém pásu / |c Jakub Mařík |
| 246 | 3 | 0 | |a V Krvavém pásu |
| 250 | |a 1. vydání | ||
| 264 | 1 | |a Praha : |b Mystery Press, |c 2022 | |
| 300 | |a 326 stran ; |c 21 cm | ||
| 336 | |a text |b txt |2 rdacontent | ||
| 337 | |a bez média |b n |2 rdamedia | ||
| 338 | |a svazek |b nc |2 rdacarrier | ||
| 520 | 2 | |a Třetí část military sci-fi série zachycuje další klíčovou bitvu, kterou musí lidstvo vybojovat s korzáry v Krvavém pásu. |b Válka s Korzáry nekončí ani ve chvíli, kdy se v lidmi kolonizované části vesmíru objeví potenciální mocný spojenec - mimozemská rasa, která má s tajemnými agresory vlastní drsné zkušenosti. Za místo první diplomatické schůzky zástupců obou civilizací je zvolen Krvavý pás - shluk asteroidů, kde se nachází stanice s nejsilnějším ochranným štítem, jaký kdy lidstvo vytvořilo. Obranou Cinturón de Sangre je spolu s vlajkovou lodí jihoamerické flotily pověřena i UTSS Salamis, jejíž přítomnost si cizinci vyžádali. Mohou však lidé cizincům věřit, když první mimozemský kontakt skončil nevyhlášenou válkou? A kolik důvěry jsou potenciální spojenci ochotní vložit v lidstvo, když je poslední roky napadají pozemské lodě a implantáty ovládaní lidští mariňáci? A pak jsou tu samozřejmě i Korzáři, jimž se vidina takového spojenectví ani v nejmenším nezamlouvá. Nakladatelská anotace. Kráceno. | |
| 546 | |a Český text | ||
| 655 | 7 | |a české romány |7 fd133974 |2 czenas | |
| 655 | 7 | |a vědecko-fantastické romány |7 fd133847 |2 czenas | |
| 655 | 9 | |a Czech fiction |2 eczenas | |
| 655 | 9 | |a science fiction novels |2 eczenas | |
| 787 | 0 | 8 | |i Z cyklu: |t UTSS Salamis |g 3 |
| 900 | |a ABA001 |b 20 | ||
| 044 | |a xr | ||
| 910 | |a RBIT002 | ||
| 998 | |d 346179 |a https://core.palmknihy.cz/api/books/346179/cover?r7cu13 |b https://core.palmknihy.cz/api/books/346179/cover/400?r7cu13 |c https://core.palmknihy.cz/api/books/346179/cover/50?r7cu13 |e 2027-09-30 |g 328 |i 9788075883278 |j https://core.palmknihy.cz/api/books/346179/preview.epub |k https://core.palmknihy.cz/api/books/346179/preview.pdf |l |q 49 |r 1 |s https://www.palmknihy.cz/kniha/346179 |t ebook |y 2022 |z 0 |v UTSS Salamis |w 3 | ||
| 999 | |d 311502 | ||